LEADER 00932nam a2200241 i 4500 001 000000152304 003 CaOOAMICUS 005 20060802000000.0 008 060802s1975 it u000 u ita u 013 $a129645 040 $aSeMil$bita 100 1 $aVita-Finzi, Paolo.$0(OLS)http://semarc/name/59765 245 10$aDiario caucasico /$cPaolo Vita-Finzi. 260 $aMilano ; Napoli :$bRiccardo Ricciardi,$cstampa 1975. 300 $a207 p., [1] c. di tav. ;$c20 cm. 500 $aContiene : Appendice. - Fondo Ciprandi. 650 4$aRussia - Descrizioni e viaggi.$0(OLS)http://semarc/subject/16326 850 $aSeMil 852 $aSeMil$W1$xVenegono$y1$m1D III 147$j104263$B104263$CSeMilBibl$Z2$F113317 $81 941 1 $a1 961 $aOmaggio: Ciprandi dott. Paolo 996 $6245$aDiario caucasico$9(OLS)http://semarc/title/222675 996 $6260$aMilano ; Napoli :$bRiccardo Ricciardi$9(OLS)http://semarc/publisher/34184 LEADER 01056nam a2200253 i 4500 001 000000162312 003 CaOOAMICUS 005 20070619000000.0 008 070619s1993 it u000 u ita u 013 $a139676 020 $a88-339-0768-6 040 $aSeMil$bita 100 0 $aIacopo : di Varazze.$0(OLS)http://semarc/name/5973 245 13$aLe leggende dei santi (dalla Legenda aurea) /$cJacopo da Varagine ; traduzione e adattamento di Ermanno Cavazzoni. 260 $aTorino :$bBollati Boringhieri,$c1993. 300 $a132 p. ;$c18 cm. 650 4$aSanti - Leggende.$0(OLS)http://semarc/subject/17783 850 $aSeMil 852 $aSeMil$W1$xVenegono$y1$m56 26 1 *$j113668$B113668$CSeMilBibl$Z2$F124296 $81 900 1 $aJacobus : de Voragine$c. 996 $6020$a88-339-0768-6$9(OLS)http://semarc/number/78456 996 $6245$aLe leggende dei santi (dalla Legenda aurea)$9(OLS)http://semarc/title/145936 996 $6260$aTorino :$bBollati Boringhieri$9(OLS)http://semarc/publisher/31556